000 01119nam0a22002771 4500
001 rc\3650391
005 20250610054917.0
021 _aRU
_bРг4586-71
021 _aRU
_b70-83206
035 _a(NLR Aleph) 007733845
090 _a7084472
_c7084472
100 _a20130115d1970 |||y0rusy50 ca
101 0 _arus
102 _aRU
105 _ay b |||||
200 1 _aКаталог
_f[Ред.-сост.: Шатэн А.В.]
_gЦентр. дом работников искусств. Моск. отд-ние ВОФ. Моск. гор. дирекция "Союзпечать". Дружеская филателистическая выставка "Москва - Бухарест" (15-22 ноября 1970 г.)
210 _aМосква
_cБ. и.
_d1970
215 _a14 с.
_d20
702 1 _aШатэн
_bА.В.
_4340
_4220
710 1 2 _a"Москва - Бухарест", филателистическая выставка
_eМосква
_f1970
_9886460
_3RU\NLR\AUTH\880614609
801 0 _aRU
_bNLR
_gpsbo
801 1 _aRU
_bELAR
_2rusmarc
852 _aNLR
_j71-4/3051
942 _cBOOK
980 _aNB